<?xml version="1.0" encoding="UTF-8"?>
<record
    xmlns:xsi="http://www.w3.org/2001/XMLSchema-instance"
    xsi:schemaLocation="http://www.loc.gov/MARC21/slim http://www.loc.gov/standards/marcxml/schema/MARC21slim.xsd"
    xmlns="http://www.loc.gov/MARC21/slim">

  <leader>00824cam a22002177a 4500</leader>
  <datafield tag="999" ind1=" " ind2=" ">
    <subfield code="c">6969</subfield>
    <subfield code="d">6969</subfield>
  </datafield>
  <controlfield tag="003">OSt</controlfield>
  <controlfield tag="005">20210916133538.0</controlfield>
  <controlfield tag="008">161026s2016    spca          000 0 spa d</controlfield>
  <datafield tag="017" ind1=" " ind2=" ">
    <subfield code="a">DL B 29376-2015</subfield>
    <subfield code="b">Biblioteca de Catalunya</subfield>
  </datafield>
  <datafield tag="020" ind1=" " ind2=" ">
    <subfield code="a">9788416418510</subfield>
  </datafield>
  <datafield tag="040" ind1=" " ind2=" ">
    <subfield code="b">cat</subfield>
    <subfield code="c">CDMR</subfield>
  </datafield>
  <datafield tag="100" ind1="1" ind2=" ">
    <subfield code="a">Claramunt, Jaime,</subfield>
    <subfield code="d">1867-1949</subfield>
  </datafield>
  <datafield tag="245" ind1="1" ind2="3">
    <subfield code="a">El Diluvio </subfield>
    <subfield code="b">: memorias de un diario republicano y federalista de Barcelona (1858-1939) </subfield>
    <subfield code="c">Jaime Claramunt y Frederic Pujul&#xE0; ; Gil Toll, editor</subfield>
  </datafield>
  <datafield tag="260" ind1=" " ind2=" ">
    <subfield code="a">Barcelona :</subfield>
    <subfield code="b">Carena,</subfield>
    <subfield code="c">2016</subfield>
  </datafield>
  <datafield tag="300" ind1=" " ind2=" ">
    <subfield code="a">234 p., [24] p. de l&#xE0;m. :</subfield>
    <subfield code="b">il. col. ;</subfield>
    <subfield code="c">21 cm</subfield>
  </datafield>
  <datafield tag="630" ind1="0" ind2="7">
    <subfield code="a">Diluvio (Diari)</subfield>
    <subfield code="x">Hist&#xF2;ria</subfield>
    <subfield code="2">lemac</subfield>
  </datafield>
  <datafield tag="650" ind1=" " ind2="7">
    <subfield code="a">Diaris castellans</subfield>
    <subfield code="z">Catalunya</subfield>
    <subfield code="z">Barcelona</subfield>
    <subfield code="x">Hist&#xF2;ria</subfield>
    <subfield code="2">lemac</subfield>
  </datafield>
  <datafield tag="700" ind1="1" ind2=" ">
    <subfield code="a">Pujul&#xE0; i Vall&#xE8;s, Frederic,</subfield>
    <subfield code="d">1877-1963</subfield>
  </datafield>
  <datafield tag="700" ind1="1" ind2=" ">
    <subfield code="a">Toll, Gill</subfield>
    <subfield code="d">1963-</subfield>
    <subfield code="e">ed.</subfield>
    <subfield code="9">3885</subfield>
  </datafield>
  <datafield tag="942" ind1=" " ind2=" ">
    <subfield code="c">MON</subfield>
    <subfield code="2">udc</subfield>
  </datafield>
  <datafield tag="952" ind1=" " ind2=" ">
    <subfield code="0">0</subfield>
    <subfield code="1">0</subfield>
    <subfield code="4">0</subfield>
    <subfield code="7">0</subfield>
    <subfield code="a">CDMR</subfield>
    <subfield code="b">CDMR</subfield>
    <subfield code="d">2016-10-26</subfield>
    <subfield code="e">Donaci&#xF3;</subfield>
    <subfield code="g">16.00</subfield>
    <subfield code="l">4</subfield>
    <subfield code="o">Du 9/48</subfield>
    <subfield code="p">CDMR16100005</subfield>
    <subfield code="r">2017-05-17</subfield>
    <subfield code="s">2017-05-17</subfield>
    <subfield code="v">16.00</subfield>
    <subfield code="w">2016-10-26</subfield>
    <subfield code="y">MON</subfield>
  </datafield>
</record>
